Turkish National Football Team Squad 24/25 - Statistics

General Stats
  • This quiz has been taken 198 times
  • The average score is 26 of 44
Answer Stats
Position Team Player % Correct
RW Real Madrid Arda Güler
97%
GK Beşiktaş Mert Günok
93%
GK Manchester United Altay Bayındır
92%
AM Frankfurt Can Uzun
92%
RB Fenerbahçe Mert Müldür
92%
LW Juventus Kenan Yıldız
90%
LW Benfica Kerem Aktürkoğlu
90%
DM Inter Hakan Çalhanoğlu
89%
CB Al Ahli Merih Demiral
86%
LB Brighton Ferdi Kadıoğlu
85%
CB Galatasaray Abdülkerim Bardakçı
84%
RW Galatasaray Barış Alper Yılmaz
84%
GK Trabzonspor Uğurcan Çakır
84%
CM Benfica Orkun Kökçü
79%
LW Beşiktaş Semih Kılıçsoy
69%
LW Galatasaray Yunus Akgün
69%
RB AS Roma Zeki Çelik
69%
CB Fenerbahçe Çağlar Söyüncü
68%
LB Trabzonspor Eren Elmalı
63%
ST Beşiktaş* Cenk Tosun
62%
ST Bournemouth Enes Ünal
62%
DM Fenerbahçe İsmail Yüksek
62%
CB Fenerbahçe Samet Akaydin
62%
AM Lille* Yusuf Yazıcı
59%
GK Eyüpspor Berke Özer
58%
RW Fenerbahçe İrfan Can Kahveci
58%
RB Galatasaray Kaan Ayhan
56%
ST Porto Deniz Gül
51%
DM Wolfsburg Salih Özcan
51%
CB Beşiktaş Emirhan Topçu
47%
RW Freiburg Eren Dinkçi
46%
LB Alanyaspor Yusuf Özdemir
45%
CB Ajax Ahmetcan Kaplan
43%
DM Trabzonspor Okay Yokuşlu
41%
GK Başakşehir Muhammed Şengezer
38%
LW Eyüpspor Ahmed Kutucu
36%
CB Kasımpaşa Yasin Özcan
33%
ST Beşiktaş Mustafa Hekimoğlu
32%
ST Konyaspor Umut Nayir
29%
ST Getafe Bertuğ Yıldırım
26%
DM Stuttgart Atakan Karazor
24%
RB Kayserispor Gökhan Sazdağı
18%
DM Westerlo Doğucan Haspolat
10%
RW Trabzonspor Cihan Çanak
9%
No matching quizzes found
Score Distribution
Percent of People with Each Score
Percentile by Number Answered
Your Score History
You have not taken this quiz